| 000 | nam a22 7a 4500 | ||
|---|---|---|---|
| 999 |
_c329211 _d329211 |
||
| 003 | ASAB | ||
| 005 | 20170427110544.0 | ||
| 008 | 170426b xxu||||| |||| 00| 0 eng d | ||
| 020 | _a978-81-203-1247-0 | ||
| 040 | _cASAB | ||
| 082 | _a632 | ||
| 245 |
_aDiseases of crop plants in india _cby G. Rangaswami, A. Mahadevan |
||
| 250 | _afourth edition | ||
| 260 |
_aNew Delhi. _bPHI Learning Private Limited. _c1999. |
||
| 300 | _a536 P. | ||
| 942 |
_2ddc _cBK |
||